02452nam a22002417a 450000500170000000800410001702000180005804000070007604100120008308200220009510000300011724500360014725000070018326000650019030000320025536500620028752016240034965000230197370000270199694200120202399900190203595201560205420250808140434.0220303b ||||| |||| 00| 0 eng d a9789387572973 cAL aEnglish 223a621.395bGOLA aFarid Golnaraghi 9234703 aAutomatic Control Systems Ed 10 a10 aChennaibMcGraw Hill education (India) Private Limitedc2018 axvii,846 p.bPBc26x20 cm.. aMLSH21CRB337b₹828.00c₹d₹1035.00e20%f20-02-2022 aThis new edition continues a tradition of excellence with: • A greater number of solved examples • Online labs using both LEGO MINDSTORMS® and MATLAB/SIMLab • Enhancements to the easy-to-use MATLAB GUI software (ACSYS) to allow interface with LEGO MINDSTORMS • A valuable introduction to the concept of Control Lab • A logical organization, with Chapters 1 to 3 covering all background material and Chapters 4 to 11 presenting material directly related to the subject of control • 10 online appendices, including Elementary Matrix Theory and Algebra, Control Lab, Difference Equations, and Mathematical Foundation • A solutions manual is available to instructors Table of Contents: CHAPTER 1 introduction to Control Systems CHAPTER 2 Modelling of Dynamic Systems CHAPTER 3 Solution of Differential Equations of Dynamics Systems CHAPTER 4 Block Diagrams and Signal-Flow Graphs CHAPTER 5 Stability of Linear Control Systems CHAPTER 6 Important Components of Feedback Control Systems CHAPTER 7 Time-Domain Performance of Control Systems CHAPTER 8 State-space Analysis and controller Design CHAPTER 9 Root-Locus Analysis CHAPTER 10 Frequency-Domain Analysis CHAPTER 11 Design of Control System Appendix A: Elementary Matrix Theory and Algebra Appendix B: Mathematical Foundations Appendix C: Laplace Transform Table Appendix D: Control Lab Appendix E: ACSYS 2013: Description of the Software Appendix F: Properties and Construction of the Root Loci Appendix G: General Nyquist Criterion Appendix H: Discrete-Data Control Systems Appendix I: Difference Equations Appendix J: Transform Table aElectronics922462 aKuo, Benjamin C922464 2ddccBK c221675d221675 00102ddc40738ELEaALbALcRSd2022-02-24eSapna Book House (P) Ltd.g828.00l0o621.395 GOLAp075516r2022-03-03 00:00:00v1035.00w2022-03-03yREF